000 00525nam a2200217Ia 4500
003 OSt
005 20220926042253.0
006 a|||||r|||| 00| 0
007 ta
008 220923b |||||||| |||| 00| 0 eng d
037 _cGeneral Book
040 _aRTL
_cRTL
_beng
041 _2eng
_aeng
082 _aY:5:4498, J7
100 _aSarkar N K
245 0 _aDemography of Ceylon
260 _c1957
650 _aDemography
942 _hY:5:4498, J7
_cGB
_2CC
999 _c669331
_d669331